000 00595nam a2200205Ia 4500
005 20260429112110.0
008 260429s9999||||xx |||||||||||||| ||und||
020 _a9781032371405
041 _aEnglish
082 _a939.401
_bRIC
100 _aRichter, Tobias
245 0 _aEpipalaeolithic and neolithic in the eastern fertile crescent :
_brevisiting the Hilly Flanks /
_cTobias Richter
250 _a1st ed.
260 _aLondon :
_bRoutledge,
_c2024.
300 _axxiv, 376 p.; pbk
650 _a Ceramics
650 _aLithic industries
700 _a Darabi, Hojjat
942 _cTB
999 _c52340
_d52340